000 00588cam a2200205 4500
001 WB3616-11
008 000000n2000 000 0 eng u
035 _a(Sirsi) u105552
245 _aSomething sinister
260 _c2000
490 _aObserver
_v23 April 2000, 14-15(2)
520 _aExamines the growing trend for non-physical factors in housing surveys such as feng shui tests or dowsing.
590 _aWB
650 _aFENG SHUI
650 _aDOWSING
650 _aGHOSTS
650 _aBUILDING SURVEYS
690 _aBUILT ENVIRONMENT-BUILDING INSPECTION
942 _n0
999 _c63244
_d63244